|
|
|
|
| LEADER |
01358nam a22003494a 4500 |
| 001 |
36329 |
| 003 |
BD-DhAAL |
| 005 |
20191002103727.0 |
| 008 |
191002r20072003enka 001 0 eng d |
| 999 |
|
|
|c 41469
|d 41469
|
| 010 |
|
|
|a 2002115978
|
| 020 |
|
|
|a 9780500284360
|
| 020 |
|
|
|a 0764124730
|
| 035 |
|
|
|a (DLC) 2002115978
|
| 040 |
|
|
|a DLC
|c DLC
|d DLC
|d BD-DhAAL
|
| 042 |
|
|
|a pcc
|
| 050 |
0 |
0 |
|a TT509
|b .T424 2003
|
| 082 |
0 |
0 |
|a 741.672
|2 22
|
| 100 |
1 |
|
|a Tatham, Caroline.
|9 35766
|
| 245 |
1 |
0 |
|a Fashion design drawing course :
|b principles, practice, and techniques : the ultimate guide for the aspiring fashion artist /
|c Caroline Tatham, Julian Seaman.
|
| 250 |
|
|
|a First edition
|
| 260 |
|
|
|a London :
|b Thames & Hudson,
|c c2003 [reprinted 2007].
|
| 300 |
|
|
|a 144 pages :
|b illustrations (chiefly colors) ;
|c 23 cm.
|
| 500 |
|
|
|a Includes index.
|
| 526 |
|
|
|a SoAD
|
| 541 |
|
|
|a Zeenat Book Supply Limited
|e 36329
|
| 650 |
|
0 |
|a Fashion drawing.
|9 35767
|
| 650 |
|
0 |
|a Architecture.
|9 35768
|
| 700 |
1 |
|
|a Seaman, Julian.
|9 35769
|
| 852 |
|
|
|a School of Architecture and Design
|c General Stacks
|
| 942 |
|
|
|2 ddc
|c BK
|
| 952 |
|
|
|0 0
|1 0
|2 ddc
|4 0
|6 741_672000000000000_TAT
|7 0
|9 66584
|a BRACUL
|b BRACUL
|c GEN
|d 2019-09-30
|e Zeenat Book Supply Limited
|g 2092.00
|l 0
|o 741.672 TAT
|p 3010036329
|r 2019-09-30
|t 1
|v 2092.00
|w 2019-09-30
|y BK
|x Transferred from ARC to BRACUL on 28/12/2023
|